Libellvs Medicvs Variorvm Experimentorum quae nunquam in lucem prodierunt

Podrobná bibliografia
Hlavní autori: Manlius, Johannes aus Ansbach (Autor, Autor úvodu atď.), Melanchthon, Philipp, 1497-1560 (Autor)
Korporatívny autor: Oporin, Johann (Bazilej, Švajčiarsko) (Tlačiar)
Ďalší autori: Paret, Johannes Jakob (Autor úvodu atď.), Oporin, Johann, 1507-1568 (Tlačiar), Holzach, Samuel (Dedikátor)
Médium: Kniha
Jazyk:latinčina
Fyzický popis:82, [5] s. 16 cm
Vydavateľské údaje: Basileae ex officina Ioannis Oporini Anno Salutis humanae M.D.LXIII. [1563] Mense Iunio

MARC

LEADER 00000nam a2200000 a 4500
001 vtls001515075
003 SK-MaSNL
005 20260302073830.0
008 240226s1563 sz a lat
015 |a SNBHFA1563 
035 |a 90B96F64-F842-4088-AAA6-76B6CDCBD00E 
035 |a urn:nbn:sk:snk-amyfrp 
035 |a urn:nbn:sk:snk-am00cm8v 
040 |a SNKHF  |b slo  |c SNK  |e AACR2 
041 |a lat 
044 |a sz  |c CH 
100 1 |a Manlius, Johannes aus Ansbach  |4 aut  |9 72109 
245 0 |a Libellvs Medicvs Variorvm Experimentorum  |b quae nunquam in lucem prodierunt  |c A Ioanne Manlio Ex plurimis D. Philippi Melanchthonis, & quorundam aliorum clarissimorum uirorum praelectionibus collectus, ac ab eodem in ordinem distributus. Inseruimus etiam huic quosdam sales iucundos lectu, cum X. Tabulis, tam Medicis quàm pharmacopoeis ualde utilibus futuris ; Cum Praefatione Ioannis Iacobi Pareti, philosophiŐ & medicinŐ Doctoris: Item, Rerum & uerborum memorabilium Indice copioso 
260 |a Basileae  |b ex officina Ioannis Oporini  |c Anno Salutis humanae M.D.LXIII. [1563] Mense Iunio 
300 |a 82, [5] s.  |c 16 cm 
500 |a Iniciálky s figurálnym pozadím v rámčeku na 6 r., kustódy, rukopisné poznámky v nemčine k textu 
508 |a Ded.: Truchsess von Rinfeld, Sebastian; pref.: Manlius, Johannes aus Ansbach; Paret, Johannes Jakob; príl. b.: Holzach, Samuel 
510 4 |a VD 16 M/592 
550 |a Údaje do impresa doplnené aj z kolofónu. Na titulnom liste je uvedené len: Basileae 
561 |a Z knižnice Antona Augustína Baníka.  |5 SNK ID 99443 
563 |a Bez väzby.  |5 SNK ID 99443 
700 1 |a Melanchthon, Philipp,  |d 1497-1560  |4 aut  |9 42142 
700 1 |a Manlius, Johannes aus Ansbach  |4 aui  |9 72109 
700 1 |a Paret, Johannes Jakob  |4 aui  |9 72110 
700 1 |a Oporin, Johann,  |d 1507-1568  |4 prt  |9 54337 
700 1 |a Holzach, Samuel  |4 dto  |9 72111 
700 2 |a Truchsess von Rinfeld, Sebastian  |4 hnr  |9 72112 
710 0 |a Oporin, Johann (Bazilej, Švajčiarsko),  |d 1536-1568  |4 prt  |9 54158 
752 |a Švajčiarsko  |d Basel 
852 |a snk  |b Baníkova knižnica  |p ID 99443 
958 |a ONDV 
999 |c 1162599  |d 1164529 
952 |t Bk 58  |a SNK  |b SNK  |c SNK_HF  |y PREZ  |7 0  |p 17A1129339  |o snkID 99443  |i snk2016/25648  |8 5  |0 0  |1 0  |4 0  |d 2005-04-05  |f 1  |l 0  |r 2005-04-05 00:00:00  |w 2026-02-24 
952 |t Tlače 16. storočia  |a SNK  |b SNK  |c SNK_HF  |y PREZ  |7 0  |p 17A1129341  |o snkID 74234/3/prív.1  |i snkF 4882/80  |8 5  |0 0  |1 0  |4 0  |d 2016-11-02  |f 1  |l 0  |r 2026-02-24 20:38:24  |w 2026-02-24